000 00891cam a22002893a 4500
001 10096
003 PGUSA
005 20140828083219.0
008 031101s2003||||xxu|||||s|||||000 | eng d
040 _aPGUSA
_beng
042 _adc
050 4 _aPA
100 1 _aEuripides,
_d--406
245 1 4 _aThe Trojan women of Euripides
_h[electronic resource] /
_cEuripides
260 _bProject Gutenberg,
_c2003
506 _aPublic domain in the USA.
516 _aElectronic text
653 _aHecuba (Legendary character) -- Drama
653 _aAndromache (Legendary character) -- Drama
653 _aTrojan War -- Drama
653 _aCassandra (Legendary character) -- Drama
653 _aHelen of Troy (Greek mythology) -- Drama
700 1 _aMurray, Gilbert,
_d1866-1957
830 0 _aProject Gutenberg
_v10096
856 4 0 _uhttp://www.gutenberg.org/ebooks/10096
942 _cEB
999 _c239351
_d239351